Statistics for Badly Explained #1 - Movies

Click here to take the quiz!

General Stats

  • This quiz has been taken 7 times
  • The average score is 6 of 16

Answer Stats

PlotMovie% Correct
Billionaire devotes life to cosplay and beating up mentally ill.Batman
83%
Man with sentient tattoos steals woman's heart and is chased by lava monster.Moana
83%
Man joins terrorist group, kisses sister, and then is convinced by old guy to kill his father.Star Wars
83%
Man watches woman sleep and kisses her.Sleeping Beauty
67%
Human transfers consciousness to alien creature and decides that he likes alien species better.Avatar
50%
Spoiled brat commits several murder attempts on 2 burglars.Home Alone
50%
Rock collector kills daughter and ends world hunger by murdering trillions and then becomes a farmer.Infinity War
50%
Small man fights bee over daughterAnt Man
33%
Magician and star girl fight witch and many versions of himselfDoctor Strange
33%
Man loses favorite toy and fights adopted brotherThor
33%
2 90 year olds fight after one can't remember who the other isCaptain America
17%
Older sister ruins younger sister's chance to be seen on live television.Hunger Games
17%
Woman reunites with fake family.Black Widow
0%
Boy teaches Scandinavians and mythical creatures the true meaning of friendship.How to Train Your Dragon
0%
2 people fight each other for a pair of glasses in Italy.Spider Man
0%
Woman mistakenly joins search party for herself.Tangled
0%

Score Distribution

Percentile by Number Answered

Percent of People with Each Score

Your Score History

You have not taken this quiz